000 00374 a2200169 4500
001 69742
020 _a8535607722
040 _cAnchieta - Itaigara
100 _aGaboardi, Lucila C.
240 1 0 _aFilomena no jardim
_lpor
245 1 0 _aFilomena no jardim
300 _a38
362 0 _a2002
440 1 _aPaulinas
650 4 _aLiteratura infanto-juvenil
942 _cBK
999 _c69742
_d69742